Hauptstädte - richtig oder falsch (Teil2) - Statistiken

Allgemein
  • Dieses Quiz wurde 338 mal gespielt
  • Das Durchschnittsergebnis liegt bei 9 aus 10
Antwortstatistiken
Frage Antwort % Korrekt
Die Hauptstadt von Südkorea ist Gwangju. Falsch
100%
Die Hauptstadt von Dänemark ist Kopenhagen. Richtig
100%
Die Hauptstadt von Kanada ist Ottawa. Richtig
100%
Die Hauptstadt von Irland ist Belfast. Falsch
95%
Die Hauptstadt von Uruguay ist Montevideo. Richtig
95%
Die Hauptstadt der Mongolei ist Ulaanbaatar. Richtig
95%
Die Hauptstadt der Vereinigten Arabischen Emiraten ist Dubai. Falsch
86%
Die Hauptstadt von Armenien ist Baku. Falsch
77%
Die Hauptstadt von Namibia ist Windhuk. Richtig
77%
Die Hauptstadt von Estland ist Riga. Falsch
68%
Keine übereinstimmenden Quizze gefunden
Verteilung der Resultate
Anzahl Personen mit jedem Resultat
Perzentil nach korrekt beantworteten Fragen
Ihre Resultats-Entwicklung
Sie haben dieses Quiz noch nicht gespielt